[Event "Open de Figueres Miquel Mas 2017 - B"]
[Site "Figueres ESP"]
[Date "2017.08.14"]
[Round "6.2"]
[White "Buenafe Moya, Jesus"]
[Black "Gonzalez Pabollet, Jesus Maria"]
[Result "1/2-1/2"]
[WhiteElo "1803"]
[BlackElo "1873"]
[PlyCount "26"]
[EventDate "2017.08.10"]
[EventType "swiss"]
[EventRounds "9"]
[EventCountry "ESP"]
[SourceTitle "Ajedrez en Madrid"]
[Source "lmi"]
[SourceDate "2017.08.10"]
[SourceVersion "1"]
[SourceVersionDate "2018.07.27"]
[SourceQuality "1"]

1. d4 Nf6 2. Nf3 e6 3. Bf4 c5 4. e3 Nc6 5. c3 cxd4 6. exd4 b6 7. Nbd2 Be7 8.
Bd3 Bb7 9. O-O Nh5 10. Be3 Nf6 11. Bf4 Nh5 12. Be3 Nf6 13. Bf4 Nh5 1/2-1/2

[Event "Open de Figueres Miquel Mas 2017 - B"]
[Site "Figueres ESP"]
[Date "2017.08.14"]
[Round "6.4"]
[White "Lazaro Pujol, Abel"]
[Black "Vinas Serra, Jaume"]
[Result "1-0"]
[WhiteElo "1736"]
[BlackElo "1840"]
[PlyCount "69"]
[EventDate "2017.08.10"]
[EventType "swiss"]
[EventRounds "9"]
[EventCountry "ESP"]
[SourceTitle "Ajedrez en Madrid"]
[Source "lmi"]
[SourceDate "2017.08.10"]
[SourceVersion "1"]
[SourceVersionDate "2018.07.27"]
[SourceQuality "1"]

1. e4 Nf6 2. e5 Nd5 3. d4 d6 4. Nf3 Bg4 5. Be2 e6 6. O-O dxe5 7. Nxe5 Bxe2 8.
Qxe2 c6 9. Nd2 Nd7 10. Ne4 Be7 11. Qg4 Kf8 12. f4 f5 13. Qh5 Qe8 14. Nxd7+ Qxd7
15. Ng5 Bxg5 16. fxg5 g6 17. Qh4 Rd8 18. Rd1 Rg8 19. c4 Nb6 20. b3 Rg7 21. Bb2
Rf7 22. d5 cxd5 23. Qd4 Ke8 24. Ba3 Qc7 25. Rac1 Qb8 26. cxd5 Nxd5 27. Re1 Kd7
28. Qc5 Rc8 29. Qb5+ Kd8 30. Rcd1 a6 31. Rxd5+ exd5 32. Qe8+ Kc7 33. Rc1+ Kb6
34. Rxc8 Qf4 35. Bc5+ 1-0

[Event "Open de Figueres Miquel Mas 2017 - B"]
[Site "Figueres ESP"]
[Date "2017.08.14"]
[Round "6.6"]
[White "Gallego Terris, Rafael"]
[Black "Voegeli, Max"]
[Result "1/2-1/2"]
[WhiteElo "1924"]
[BlackElo "1738"]
[PlyCount "64"]
[EventDate "2017.08.10"]
[EventType "swiss"]
[EventRounds "9"]
[EventCountry "ESP"]
[SourceTitle "Ajedrez en Madrid"]
[Source "lmi"]
[SourceDate "2017.08.10"]
[SourceVersion "1"]
[SourceVersionDate "2018.07.27"]
[SourceQuality "1"]

1. e4 d6 2. d4 Nf6 3. f3 c6 4. c4 Nbd7 5. Nc3 e5 6. d5 Be7 7. Be3 O-O 8. Qd2 a6
9. Nge2 c5 10. g4 Ne8 11. Ng3 Bh4 12. O-O-O Nb6 13. Nf5 Bxf5 14. gxf5 Nd7 15.
Bd3 Ndf6 16. Rdg1 Nh5 17. Ne2 b5 18. Rg4 Bf6 19. h4 bxc4 20. Bxc4 Qb6 21. b3
Qb4 22. a4 Qxd2+ 23. Kxd2 Kh8 24. Ng3 Nxg3 25. Rxg3 Nc7 26. h5 h6 27. Rhg1 Rg8
28. f4 a5 29. Rg4 Rab8 30. fxe5 Bxe5 31. Bf4 Bxf4+ 32. Rxf4 f6 1/2-1/2

[Event "Open de Figueres Miquel Mas 2017 - B"]
[Site "Figueres ESP"]
[Date "2017.08.14"]
[Round "6.9"]
[White "Gratacos Font, Albert"]
[Black "Beauzamy, Alain"]
[Result "1-0"]
[WhiteElo "1726"]
[BlackElo "1785"]
[PlyCount "59"]
[EventDate "2017.08.10"]
[EventType "swiss"]
[EventRounds "9"]
[EventCountry "ESP"]
[SourceTitle "Ajedrez en Madrid"]
[Source "lmi"]
[SourceDate "2017.08.10"]
[SourceVersion "1"]
[SourceVersionDate "2018.07.27"]
[SourceQuality "1"]

1. e4 e6 2. d4 d5 3. e5 c5 4. c3 Nc6 5. Nf3 cxd4 6. cxd4 Nge7 7. a3 Nf5 8. b4
Be7 9. Be2 g5 10. h3 Bd7 11. Be3 Nxe3 12. fxe3 Qc7 13. Nbd2 f6 14. Rc1 Qb8 15.
b5 Nd8 16. a4 Nf7 17. exf6 Qg3+ 18. Kf1 Bxf6 19. e4 O-O 20. e5 Nxe5 21. dxe5
Bxe5 22. Kg1 Bf4 23. Nf1 Be3+ 24. Nxe3 Rf7 25. Qd4 Rf4 26. Qe5 Rxf3 27. Qxg3
Rxg3 28. Kf2 Rxe3 29. Kxe3 e5 30. Bg4 1-0

[Event "Open de Figueres Miquel Mas 2017 - B"]
[Site "Figueres ESP"]
[Date "2017.08.15"]
[Round "7.1"]
[White "Nadal Fajardo, Ricard"]
[Black "Buenafe Moya, Jesus"]
[Result "1-0"]
[WhiteElo "1946"]
[BlackElo "1803"]
[PlyCount "91"]
[EventDate "2017.08.10"]
[EventType "swiss"]
[EventRounds "9"]
[EventCountry "ESP"]
[SourceTitle "Ajedrez en Madrid"]
[Source "lmi"]
[SourceDate "2017.08.10"]
[SourceVersion "1"]
[SourceVersionDate "2018.07.27"]
[SourceQuality "1"]

1. d4 d5 2. Nf3 Nf6 3. g3 e6 4. Bg2 c5 5. O-O cxd4 6. Nxd4 Nc6 7. c4 Nxd4 8.
Qxd4 Qb6 9. Qd3 dxc4 10. Qxc4 Be7 11. Nc3 O-O 12. Rb1 Qb4 13. Qxb4 Bxb4 14. a3
Be7 15. Bf4 Nh5 16. Be3 f5 17. f4 Nf6 18. h3 a6 19. b4 a5 20. Bc5 Re8 21. Nb5
axb4 22. axb4 Ra2 23. Bxe7 Rxe7 24. Nd6 Rc7 25. Rfc1 Rac2 26. Rxc2 Rxc2 27.
Nxc8 Rxc8 28. Bxb7 Rc3 29. Bf3 Nd7 30. Rd1 Nb6 31. Rd6 Nd5 32. Bxd5 exd5 33.
Kf2 Kf7 34. Rxd5 Ke6 35. Rb5 Rb3 36. Rb7 g6 37. b5 h5 38. h4 Kf6 39. b6 Ke6 40.
Rb8 Kf7 41. Ke1 Kg7 42. Kd2 Rb2+ 43. Kc3 Rxe2 44. b7 Re3+ 45. Kc4 Rxg3 46. Rc8
1-0

[Event "Open de Figueres Miquel Mas 2017 - B"]
[Site "Figueres ESP"]
[Date "2017.08.15"]
[Round "7.2"]
[White "Lazaro Pujol, Abel"]
[Black "Clot Chico, Arnau"]
[Result "1-0"]
[WhiteElo "1736"]
[BlackElo "1899"]
[PlyCount "56"]
[EventDate "2017.08.10"]
[EventType "swiss"]
[EventRounds "9"]
[EventCountry "ESP"]
[SourceTitle "Ajedrez en Madrid"]
[Source "lmi"]
[SourceDate "2017.08.10"]
[SourceVersion "1"]
[SourceVersionDate "2018.07.27"]
[SourceQuality "1"]

1. e4 c5 2. Nf3 d6 3. d4 cxd4 4. Nxd4 Nf6 5. Nc3 a6 6. Be2 e5 7. Nb3 Be7 8. O-O
O-O 9. Be3 Be6 10. Qd2 Nbd7 11. a4 Rc8 12. a5 Qc7 13. Rfd1 Rfd8 14. Qe1 Nc5 15.
Nxc5 dxc5 16. f3 Rxd1 17. Bxd1 Ne8 18. Be2 Nd6 19. b3 Qc6 20. Rd1 c4 21. Nd5
Bxd5 22. Rxd5 cxb3 23. cxb3 Qc3 24. Qxc3 Rxc3 25. Bc5 Rc1+ 26. Bd1 Rxd1+ 27.
Rxd1 f6 28. b4 Kf7 1-0

[Event "Open de Figueres Miquel Mas 2017 - B"]
[Site "Figueres ESP"]
[Date "2017.08.15"]
[Round "7.6"]
[White "Blanco Esquena, Ramon"]
[Black "Juan Bartroli, Marc"]
[Result "1/2-1/2"]
[WhiteElo "1679"]
[BlackElo "1834"]
[PlyCount "40"]
[EventDate "2017.08.10"]
[EventType "swiss"]
[EventRounds "9"]
[EventCountry "ESP"]
[SourceTitle "Ajedrez en Madrid"]
[Source "lmi"]
[SourceDate "2017.08.10"]
[SourceVersion "1"]
[SourceVersionDate "2018.07.27"]
[SourceQuality "1"]

1. g3 d5 2. Nf3 Nf6 3. d3 c5 4. Nbd2 Nc6 5. Bg2 e5 6. e4 d4 7. O-O Be7 8. Nc4
Qc7 9. a4 h6 10. h3 Be6 11. b3 O-O-O 12. a5 g5 13. Qe1 g4 14. hxg4 Bxg4 15. Nh4
Rdg8 16. Nf5 Bf8 17. c3 Qd7 18. cxd4 cxd4 19. Bd2 Kb8 20. b4 a6 1/2-1/2

[Event "Open de Figueres Miquel Mas 2017 - B"]
[Site "Figueres ESP"]
[Date "2017.08.15"]
[Round "7.7"]
[White "Van Decraen, Roger"]
[Black "Casares Bonals, Ainhoa"]
[Result "1-0"]
[WhiteElo "1752"]
[BlackElo "1437"]
[PlyCount "56"]
[EventDate "2017.08.10"]
[EventType "swiss"]
[EventRounds "9"]
[EventCountry "ESP"]
[SourceTitle "Ajedrez en Madrid"]
[Source "lmi"]
[SourceDate "2017.08.10"]
[SourceVersion "1"]
[SourceVersionDate "2018.07.27"]
[SourceQuality "1"]

1. Nf3 Nf6 2. g3 g6 3. Bg2 Bg7 4. O-O O-O 5. c4 d5 6. cxd5 Nxd5 7. d4 Bg4 8.
Qb3 Bc8 9. Rd1 e6 10. e4 Nf6 11. Nc3 Nc6 12. Bg5 Qd7 13. Rac1 b6 14. Qc2 Bb7
15. a3 h6 16. d5 exd5 17. Nxd5 Nxd5 18. exd5 Ne5 19. Qxc7 Qxc7 20. Rxc7 Rab8
21. b3 Rfc8 22. Rxc8+ Rxc8 23. Nxe5 Bxe5 24. d6 Bxg2 25. Kxg2 f6 26. Be3 Rd8
27. Bxb6 Rxd6 28. Rxd6 Bxd6 1-0

[Event "Open de Figueres Miquel Mas 2017 - B"]
[Site "Figueres ESP"]
[Date "2017.08.15"]
[Round "7.8"]
[White "Vinas Serra, Jaume"]
[Black "Gallego Terris, Rafael"]
[Result "0-1"]
[WhiteElo "1840"]
[BlackElo "1924"]
[PlyCount "98"]
[EventDate "2017.08.10"]
[EventType "swiss"]
[EventRounds "9"]
[EventCountry "ESP"]
[SourceTitle "Ajedrez en Madrid"]
[Source "lmi"]
[SourceDate "2017.08.10"]
[SourceVersion "1"]
[SourceVersionDate "2018.07.27"]
[SourceQuality "1"]

1. d4 g6 2. Bg5 Bg7 3. e3 c5 4. c3 Qa5 5. Nf3 d6 6. Nbd2 Be6 7. Bd3 cxd4 8.
exd4 Nc6 9. O-O Bg4 10. Qb1 O-O-O 11. a4 f6 12. Be3 e5 13. b4 Qc7 14. d5 Nce7
15. c4 e4 16. h3 Bxf3 17. Bxe4 Bxe4 18. Qxe4 f5 19. Qe6+ Qd7 20. Qxd7+ Kxd7 21.
Rac1 Nf6 22. a5 a6 23. b5 axb5 24. cxb5 Nfxd5 25. Nc4 f4 26. Ba7 Ra8 27. b6
Rhc8 28. Rfd1 Rc5 29. a6 Nc6 30. axb7 Re8 31. Na3 Rxc1 32. Rxc1 Bb2 33. Rd1
Nxb6 34. Bxb6 Bxa3 35. Rd3 Bb4 36. g3 Rb8 37. gxf4 Rxb7 38. Be3 Ne7 39. Rb3 Nd5
40. Kg2 Rc7 41. Kf3 Rc3 42. Rxc3 Bxc3 43. Bc1 Ke6 44. Ke4 Be1 45. f3 h6 46. Kd4
h5 47. Ke4 Bf2 48. Bd2 Nf6+ 49. Kd3 Kf5 0-1

[Event "Open de Figueres Miquel Mas 2017 - B"]
[Site "Figueres ESP"]
[Date "2017.08.15"]
[Round "7.10"]
[White "Jurado Coderch, Heribert"]
[Black "Aso Miranda, Carlos"]
[Result "0-1"]
[WhiteElo "1191"]
[BlackElo "1672"]
[PlyCount "61"]
[EventDate "2017.08.10"]
[EventType "swiss"]
[EventRounds "9"]
[EventCountry "ESP"]
[SourceTitle "Ajedrez en Madrid"]
[Source "lmi"]
[SourceDate "2017.08.10"]
[SourceVersion "1"]
[SourceVersionDate "2018.07.27"]
[SourceQuality "1"]

1. e4 c5 2. Nf3 Nc6 3. d4 cxd4 4. Nxd4 Nf6 5. Nc3 e5 6. Nb3 Bb4 7. Bd2 Bxc3 8.
Bxc3 Nxe4 9. Qg4 Ng5 10. Bb5 d5 11. Qa4 Bd7 12. O-O-O a6 13. Bxc6 Bxc6 14. Qb4
f6 15. Rhe1 Kf7 16. Na5 Qc7 17. Nxc6 bxc6 18. Bd2 Ne4 19. Be3 Rab8 20. Qa4 Nd6
21. f3 Nc4 22. b3 Nxe3 23. Rxe3 Rb6 24. Red3 Rhb8 25. Kb1 Qb7 26. Ka1 Rb4 27.
Qa3 a5 28. c3 Rb6 29. c4 d4 30. Qxa5 Ra6 31. Qd2 0-1

[Event "Open de Figueres Miquel Mas 2017 - B"]
[Site "Figueres ESP"]
[Date "2017.08.16"]
[Round "8.1"]
[White "Nadal Fajardo, Ricard"]
[Black "Lazaro Pujol, Abel"]
[Result "1-0"]
[WhiteElo "1946"]
[BlackElo "1736"]
[PlyCount "75"]
[EventDate "2017.08.10"]
[EventType "swiss"]
[EventRounds "9"]
[EventCountry "ESP"]
[SourceTitle "Ajedrez en Madrid"]
[Source "lmi"]
[SourceDate "2017.08.10"]
[SourceVersion "1"]
[SourceVersionDate "2018.07.27"]
[SourceQuality "1"]

1. d4 d5 2. Nf3 e6 3. g3 c5 4. e3 Nf6 5. Bg2 Be7 6. O-O O-O 7. b3 Nc6 8. Bb2 b6
9. Nbd2 Bb7 10. a3 Rc8 11. c4 Qc7 12. Rc1 Rfd8 13. cxd5 exd5 14. Qc2 Qb8 15.
Qd3 Qa8 16. Ne5 c4 17. Qf5 cxb3 18. g4 g6 19. Qf4 Nxe5 20. dxe5 Ne4 21. Nxe4
dxe4 22. e6 Rf8 23. g5 fxe6 24. Qe5 Kf7 25. Qg7+ Ke8 26. Qxh7 Bd5 27. Rxc8+
Qxc8 28. Rc1 Qd7 29. Qxg6+ Rf7 30. Qh5 e5 31. Bh3 Qd6 32. Bf5 Be6 33. Bxe4 Qd2
34. Bc6+ Bd7 35. Bxd7+ Qxd7 36. g6 Rg7 37. Bxe5 Rg8 38. g7+ 1-0

[Event "Open de Figueres Miquel Mas 2017 - B"]
[Site "Figueres ESP"]
[Date "2017.08.16"]
[Round "8.2"]
[White "Claret, Franck"]
[Black "Van Decraen, Roger"]
[Result "1/2-1/2"]
[WhiteElo "1925"]
[BlackElo "1752"]
[PlyCount "47"]
[EventDate "2017.08.10"]
[EventType "swiss"]
[EventRounds "9"]
[EventCountry "ESP"]
[SourceTitle "Ajedrez en Madrid"]
[Source "lmi"]
[SourceDate "2017.08.10"]
[SourceVersion "1"]
[SourceVersionDate "2018.07.27"]
[SourceQuality "1"]

1. Nf3 Nf6 2. c4 e6 3. g3 b6 4. Bg2 Bb7 5. O-O Be7 6. d4 d5 7. b3 O-O 8. Nc3 c5
9. cxd5 exd5 10. Bf4 Nc6 11. Rc1 Rc8 12. Bh3 Ra8 13. Bg5 Re8 14. Bxf6 Bxf6 15.
dxc5 d4 16. Nb5 bxc5 17. Rxc5 Qb6 18. Qc2 Rxe2 19. Qxe2 Qxc5 20. Qc4 Qxc4 21.
bxc4 Rd8 22. Rd1 a6 23. Nc7 Ne5 24. Nxd4 1/2-1/2

[Event "Open de Figueres Miquel Mas 2017 - B"]
[Site "Figueres ESP"]
[Date "2017.08.16"]
[Round "8.5"]
[White "Gallego Terris, Rafael"]
[Black "Blanco Esquena, Ramon"]
[Result "1/2-1/2"]
[WhiteElo "1924"]
[BlackElo "1679"]
[PlyCount "22"]
[EventDate "2017.08.10"]
[EventType "swiss"]
[EventRounds "9"]
[EventCountry "ESP"]
[SourceTitle "Ajedrez en Madrid"]
[Source "lmi"]
[SourceDate "2017.08.10"]
[SourceVersion "1"]
[SourceVersionDate "2018.07.27"]
[SourceQuality "1"]

1. e4 d6 2. d4 Nf6 3. f3 h5 4. Be3 Nbd7 5. c4 e5 6. d5 Be7 7. Nc3 c6 8. Bd3 c5
9. Nge2 a6 10. a3 Nh7 11. g3 Ng5 1/2-1/2

[Event "Open de Figueres Miquel Mas 2017 - B"]
[Site "Figueres ESP"]
[Date "2017.08.16"]
[Round "8.9"]
[White "Sague Pla, Oscar"]
[Black "Fernandez Marin, Antonio"]
[Result "0-1"]
[WhiteElo "1751"]
[BlackElo "1732"]
[PlyCount "66"]
[EventDate "2017.08.10"]
[EventType "swiss"]
[EventRounds "9"]
[EventCountry "ESP"]
[SourceTitle "Ajedrez en Madrid"]
[Source "lmi"]
[SourceDate "2017.08.10"]
[SourceVersion "1"]
[SourceVersionDate "2018.07.27"]
[SourceQuality "1"]

1. e4 c5 2. Nc3 d6 3. f4 Nc6 4. Bb5 Bd7 5. Nf3 a6 6. Bxc6 Bxc6 7. O-O e6 8. Qe1
Be7 9. Qg3 g6 10. d3 Nf6 11. a3 Qd7 12. b4 b6 13. Bb2 O-O 14. Rae1 Rae8 15. d4
cxb4 16. axb4 Bb5 17. Nxb5 Qxb5 18. Nh4 Qxb4 19. Ba1 Qc4 20. f5 Nh5 21. Qg4
exf5 22. Nxf5 Ng7 23. Nh6+ Kh8 24. Rf2 f6 25. Ref1 Qc8 26. Qf3 Ne6 27. Qb3 b5
28. d5 Nc5 29. Qe3 Kg7 30. Ng4 Qxg4 31. e5 Nd7 32. exf6+ Bxf6 33. Qa3 Bxa1 0-1

[Event "Open de Figueres Miquel Mas 2017 - B"]
[Site "Figueres ESP"]
[Date "2017.08.16"]
[Round "8.10"]
[White "Vidal Palou, Jordi"]
[Black "Ruiz De Morales Cespedes, Jaum"]
[Result "0-1"]
[WhiteElo "1694"]
[BlackElo "1750"]
[PlyCount "55"]
[EventDate "2017.08.10"]
[EventType "swiss"]
[EventRounds "9"]
[EventCountry "ESP"]
[SourceTitle "Ajedrez en Madrid"]
[Source "lmi"]
[SourceDate "2017.08.10"]
[SourceVersion "1"]
[SourceVersionDate "2018.07.27"]
[SourceQuality "1"]

1. d4 f5 2. Bf4 Nf6 3. Nf3 g6 4. e3 Bg7 5. Bc4 e6 6. Nbd2 a6 7. g3 d6 8. Bg5
O-O 9. e4 h6 10. Bxf6 Qxf6 11. e5 Qe7 12. exd6 cxd6 13. O-O Kh7 14. Re1 e5 15.
dxe5 dxe5 16. Qe2 Nc6 17. Rad1 e4 18. h3 Qc7 19. Nxe4 fxe4 20. Qxe4 Bf5 21. Qh4
Bf6 22. Bg8+ Kg7 23. Qc4 Rxg8 24. b4 Bd7 25. Rd5 Rge8 26. Rxe8 Bxe8 27. Nd4 Bf7
28. Nf5+ 0-1

[Event "Open de Figueres Miquel Mas 2017 - B"]
[Site "Figueres ESP"]
[Date "2017.08.17"]
[Round "9.1"]
[White "Claret, Franck"]
[Black "Nadal Fajardo, Ricard"]
[Result "1/2-1/2"]
[WhiteElo "1925"]
[BlackElo "1946"]
[PlyCount "63"]
[EventDate "2017.08.10"]
[EventType "swiss"]
[EventRounds "9"]
[EventCountry "ESP"]
[SourceTitle "Ajedrez en Madrid"]
[Source "lmi"]
[SourceDate "2017.08.10"]
[SourceVersion "1"]
[SourceVersionDate "2018.07.27"]
[SourceQuality "1"]

1. Nf3 Nf6 2. c4 c6 3. g3 g6 4. Bg2 Bg7 5. d4 d5 6. O-O O-O 7. b3 Bf5 8. Bb2 a5
9. Nc3 Ne4 10. cxd5 Nxc3 11. Bxc3 cxd5 12. Qd2 Be4 13. Rac1 Nc6 14. Ne1 Bxg2
15. Nxg2 Qb6 16. e3 a4 17. b4 Na7 18. Nf4 e6 19. Nd3 Nb5 20. Nc5 Rfd8 21. Qd1
Qa7 22. h4 b6 23. Nd3 Rac8 24. Bd2 Nd6 25. h5 Ne4 26. hxg6 hxg6 27. Kg2 Rxc1
28. Qxc1 Qa6 29. Ne5 Bxe5 30. dxe5 Rc8 31. Qb2 Qe2 32. Bc1 1/2-1/2

[Event "Open de Figueres Miquel Mas 2017 - B"]
[Site "Figueres ESP"]
[Date "2017.08.17"]
[Round "9.2"]
[White "Gonzalez Pabollet, Jesus Maria"]
[Black "Clot Chico, Arnau"]
[Result "1-0"]
[WhiteElo "1873"]
[BlackElo "1899"]
[PlyCount "60"]
[EventDate "2017.08.10"]
[EventType "swiss"]
[EventRounds "9"]
[EventCountry "ESP"]
[SourceTitle "Ajedrez en Madrid"]
[Source "lmi"]
[SourceDate "2017.08.10"]
[SourceVersion "1"]
[SourceVersionDate "2018.07.27"]
[SourceQuality "1"]

1. b3 Nf6 2. Bb2 g6 3. e3 Bg7 4. Nf3 d6 5. Be2 c5 6. O-O O-O 7. d4 Nbd7 8. c4
Rb8 9. Qc2 a6 10. a4 Re8 11. Re1 Qc7 12. e4 cxd4 13. Bxd4 b5 14. axb5 axb5 15.
Nc3 bxc4 16. Bxc4 Bb7 17. Qe2 Ra8 18. Nb5 Qd8 19. Ng5 d5 20. Rxa8 Bxa8 21. exd5
Bh6 22. Nxf7 Kxf7 23. Nc7 Kg8 24. Qe6+ Kh8 25. Nxa8 Nf8 26. Qf7 Qxa8 27. d6
N8d7 28. dxe7 Bg7 29. Bb5 Rb8 30. Bxd7 Ne8 1-0

[Event "Open de Figueres Miquel Mas 2017 - B"]
[Site "Figueres ESP"]
[Date "2017.08.17"]
[Round "9.3"]
[White "Lazaro Pujol, Abel"]
[Black "Buenafe Moya, Jesus"]
[Result "0-1"]
[WhiteElo "1736"]
[BlackElo "1803"]
[PlyCount "78"]
[EventDate "2017.08.10"]
[EventType "swiss"]
[EventRounds "9"]
[EventCountry "ESP"]
[SourceTitle "Ajedrez en Madrid"]
[Source "lmi"]
[SourceDate "2017.08.10"]
[SourceVersion "1"]
[SourceVersionDate "2018.07.27"]
[SourceQuality "1"]

1. e4 g6 2. d4 Bg7 3. Nc3 d6 4. Be3 Nf6 5. Qd2 Ng4 6. Bg5 h6 7. Bh4 g5 8. Bg3
e5 9. d5 h5 10. h4 Bh6 11. Qd3 Nd7 12. Be2 Nc5 13. Qd1 gxh4 14. Bxh4 Bg5 15.
Nf3 Bxh4 16. Rxh4 Qf6 17. b4 Nd7 18. Nb5 Kd8 19. Qd2 a6 20. Na3 Nb6 21. c4 Bd7
22. Rd1 Qf4 23. Qd3 f5 24. exf5 Bxf5 25. Qc3 Kd7 26. g3 Qe4 27. Kf1 Rag8 28. c5
Nxd5 29. Qb3 Nxb4 30. Nxe5+ Kc8 31. Bf3 Qxe5 32. Qxb4 Qxc5 33. Qxb7+ Kd8 34.
Qb8+ Kd7 35. Qb2 Rh7 36. Bxg4 Bxg4 37. Re1 Rf7 38. Rh2 Rgf8 39. Kg1 Rf3 0-1